| 000 | 01166nam a22002417a 4500 | ||
|---|---|---|---|
| 999 |
_c75209 _d75209 |
||
| 005 | 20210430083355.0 | ||
| 008 | s2558 tha d | ||
| 020 | _a9789743159015 | ||
| 040 | _aNALT | ||
| 041 | _atha | ||
| 050 |
_aHQ 247.A5 _bน273 2558 |
||
| 100 | 0 |
_aนฤนารท พระปัญญา _920629 |
|
| 245 | 1 | 0 |
_aEnjo-Kosai : _bโลกมุมมืดของญี่ปุ่นวัยแรกแย้ม / _cนฤนารท พระปัญญา. |
| 260 |
_aกรุงเทพฯ : _bสยามปริทัศน์, _c2558. |
||
| 300 |
_a189 หน้า : _bภาพประกอบ ; _c18 ซม. |
||
| 650 | 4 |
_aธุรกิจบริการทางเพศ _920630 _zญี่ปุ่น |
|
| 650 | 4 |
_aโสเภณีเด็ก _920633 _zญี่ปุ่น |
|
| 650 | 4 |
_aการค้าประเวณี _920635 _zญี่ปุ่น |
|
| 650 | 4 |
_aการค้าประเวณีของนักศึกษา _920636 _zญี่ปุ่น |
|
| 850 | _aNALT | ||
| 942 |
_cGB _01 _2lcc |
||
| 998 |
_j104 _k สายฝน ดีงาม |
||